Is the song released before 2010? - Statistics

General Stats
  • This quiz has been taken 8 times
  • The average score is 10 of 15
Answer Stats
Question Answer % Correct
gimme gimme gimme - ABBA Yes
100%
Shape of You - Ed Sheeran No
88%
Umbrella - Rihanna (ft. Jay-Z) Yes
88%
Livin' On A Prayer - Bon Jovi Yes
88%
Billie Jean - Michael Jackson Yes
88%
What makes you beautiful - One Direction No
63%
Happy - Pharrell Williams No
63%
hot n cold - Katy Perry Yes
63%
Viva La Vida - Coldplay Yes
63%
Home - Dotan No
50%
Gangnam Style - PSY No
50%
Locked Out of Heaven - Bruno Mars No
50%
Chasing Pavements - Adele Yes
50%
Poker Face - Lady Gaga Yes
50%
I Gotta Feeling - The Black Eyed Peas Yes
50%
No matching quizzes found
Score Distribution
Percent of People with Each Score
Percentile by Number Answered
Your Score History
You have not taken this quiz